[Event "Tourn. n8007"]
[Site "www.chess-mail.com"]
[Date "2015.07.20"]
[Round "1"]
[White "Samael"]
[Black "Difficult"]
[WhiteElo "2090"]
[BlackElo "1960"]
[Result "1-0"]
[Round "1"]
1.e4 d6
2.Ng1f3 g6
3.Nb1c3 Bf8g7
4.d3 c5
5.Bf1e2 Nb8c6
6.Bc1d2 Ng8f6
7.O-O O-O
8.a3 a6
9.h3 b5
10.Qd1c1 Bc8b7
11.Bd2h6 Ra8c8
12.Bh6xg7 Kxg7
13.Nf3h2 Nc6d4
14.Qc1d2 Qd8b6
15.b3 e6
16.Nh2f3 Rf8d8
17.Nf3xd4 cxd4
18.Nc3d1 Qb6c5
19.Ra1a2 h6
20.b4 Qc5c7
21.f3 e5
22.Nd1f2 Qc7c3
23.Qd2xc3 Rc8xc3
24.Nf2d1 Rc3c7
25.Rf1f2 Rd8c8
26.Be2f1 g5
27.Rf2d2 Kg6
28.Bf1e2 Nf6h5
29.Kh2 d5
30.Nd1f2 Nh5f4
31.Be2d1 f6
32.g3 dxe4
33.fxe4 Nf4e6
34.Bd1g4 Kf7
35.Bg4f5 Rc7c3
36.Nf2d1 Rc8c7
37.Bf5xe6 Kxe6
38.Nd1xc3 Rc7xc3
39.a4 Bb7c6
40.axb5 Bc6xb5
41.g4 Ke7
42.Kg3 Kf7
43.Kf2 Ke6
44.Ke1 Rc3c7
45.Rd2d1 Rc7c3
46.Kd2 Rc3c7
47.Rd1c1 Rc7c3
48.Rc1b1 Kd6
49.Ra2b2 Kc6
50.Rb2b3  { time }
1-0

[Event "Tourn. n8178"]
[Site "www.chess-mail.com"]
[Date "2015.07.20"]
[Round "1"]
[White "Knightjumper"]
[Black "Osopanda"]
[WhiteElo "1810"]
[BlackElo "1990"]
[Result "0-1"]
[Round "1"]
1.d4 d5
2.Bc1f4 e6
3.e3 Bf8d6
4.Bf4xd6 Qd8xd6
5.c3 Ng8f6
6.Ng1f3 O-O
7.Bf1d3 c5
8.O-O Nb8c6
9.Nb1a3 a6
10.Ra1c1 c4
11.Bd3b1 b5
12.Rf1e1 e5
13.dxe5 Nc6xe5
14.Nf3xe5 Qd6xe5
15.Qd1d4 Qe5h5
16.h3 Nf6e4
17.Bb1xe4 dxe4
18.Qd4xe4 Bc8f5
 { time }
0-1

[Event "Tourn. n8171"]
[Site "www.chess-mail.com"]
[Date "2015.07.20"]
[Round "1"]
[White "Cathar"]
[Black "Numanoid"]
[WhiteElo "2280"]
[BlackElo "2580"]
[Result "0-1"]
[Round "1"]
1.e4 d6
2.d4 Ng8f6
3.Nb1c3 g6
4.f4 Bf8g7
5.Ng1f3 c5
6.Bf1b5 Bc8d7
7.e5 Nf6g4
8.Bb5xd7 Qd8xd7
9.d5 dxe5
10.h3 e4
11.hxg4 exf3
12.Qd1xf3 Nb8a6
13.Bc1d2 O-O-O
14.O-O-O f5
15.g5 Na6c7
16.Rh1h3 h6
17.gxh6 Rh8xh6
18.Rh3xh6 Bg7xh6
19.Rd1h1 Bh6g7
20.Rh1h7 e6
{ resign }
0-1

[Event "Tourn. n8150"]
[Site "www.chess-mail.com"]
[Date "2015.07.20"]
[Round "1"]
[White "Samael"]
[Black "Cardiff"]
[WhiteElo "2100"]
[BlackElo "1970"]
[Result "1-0"]
[Round "1"]
1.e4 c5
2.Ng1f3 d6
3.d3 g6
4.Nb1c3 Bf8g7
5.Bc1d2 Nb8c6
6.Bf1e2 Ng8f6
7.O-O a6
8.Ra1b1 O-O
9.Nc3d5 Nf6xd5
10.exd5 Nc6b4
11.Bd2xb4 cxb4
12.Qd1d2 a5
13.c4 Bc8g4
14.b3 Qd8d7
15.Rf1e1 Bg7c3
16.Qd2e3 Bc3xe1
17.Rb1xe1 Rf8e8
18.Be2f1 Bg4xf3
19.Qe3xf3 a4
20.Qf3e2 axb3
21.axb3 Ra8a3
22.Re1b1 b5
23.Qe2d2 bxc4
24.bxc4 Re8b8
25.Rb1xb4 Rb8xb4
26.Qd2xb4  { time }
1-0

[Event "Tourn. n8276"]
[Site "www.chess-mail.com"]
[Date "2015.07.20"]
[Round "1"]
[White "Bira47"]
[Black "Bojan"]
[WhiteElo "1739"]
[BlackElo "1890"]
[Result "1-0"]
[Round "1"]
1.c4 g6
2.g3 Bf8g7
3.Bf1g2 c6
4.Nb1c3 d6
5.e3 e6
6.d4 b6
7.Ng1e2 Bc8a6
8.Qd1a4 Ba6b7
9.d5 Qd8d7
10.dxe6 fxe6
11.O-O Nb8a6
12.b4 Ng8e7
13.Ra1b1 O-O
14.Rf1d1 Qd7c7
15.Bc1a3 Na6b8
16.b5 Ne7f5
17.Nc3e4 cxb5
18.cxb5 Rf8d8
19.Rb1c1 Qc7f7
20.Ne4xd6 Nf5xd6
21.Rd1xd6 Rd8xd6
22.Bg2xb7 Rd6d8
23.Bb7xa8 Bg7f8
24.Ba3xf8 Rd8xf8
25.Qa4f4 Qf7xf4
26.Ne2xf4 Nb8a6
27.bxa6 Rf8xa8
28.Rc1c7 e5
29.Nf4e6 Ra8e8
30.Rc7xa7 Re8xe6
31.Ra7b7 Re6e8
32.a7 { resign }
1-0

[Event "Tourn. n8159"]
[Site "www.chess-mail.com"]
[Date "2015.07.20"]
[Round "1"]
[White "Oliverio"]
[Black "Anja"]
[WhiteElo "1590"]
[BlackElo "1680"]
[Result "1-0"]
[Round "1"]
1.c4 e5
2.Nb1c3 Nb8c6
3.Ng1f3 f5
4.g3 Ng8f6
5.Bf1g2 d6
6.d3 g6
7.Bc1g5 Bf8g7
8.Qd1d2 h6
9.Bg5xf6 Qd8xf6
10.Nc3d5 Qf6f7
11.O-O Bc8e6
12.e4 O-O
13.b4 fxe4
14.dxe4 Nc6d4
15.Nf3xd4 exd4
16.Ra1c1 g5
17.f4 g4
18.f5 Be6xd5
19.cxd5 h5
20.h3 gxh3
21.Bg2xh3 Bg7e5
22.Qd2g5 Kh7
23.f6 Rf8g8
24.Bh3f5 Rg8g6
25.Qg5xh5 Kg8
26.Bf5e6 Ra8f8
27.Qh5xg6  { time }
1-0

[Event "Tourn. n8263"]
[Site "www.chess-mail.com"]
[Date "2015.07.20"]
[Round "1"]
[White "Zazi"]
[Black "Crull"]
[WhiteElo "1630"]
[BlackElo "1830"]
[Result "1-0"]
[Round "1"]
1.e4 c5
2.Qd1f3 Nb8c6
3.Bf1c4 e6
4.Nb1c3 Ng8f6
5.Qf3g3 Nc6d4
6.Kd1 a6
7.Ng1e2 Nd4xe2
8.Kxe2 Nf6h5
9.Qg3f3 Nh5f6
10.Rh1e1 Bf8e7
11.e5 Nf6g8
12.Nc3e4 d5
13.exd6 Be7xd6
14.Qf3c3 f6
15.Bc4b3 b5
16.Ne4xc5 Bd6xc5
17.Qc3xc5 Ng8e7
18.Kf1 O-O
19.c4 b4
20.Qc5xb4 Ne7g6
21.c5 Rf8e8
22.h4 Ng6e5
23.Re1e3 Ne5c6
24.Qb4e4 Bc8b7
25.Bb3xe6 Kh8
26.Qe4g4 Nc6e5
27.Qg4h3 Ne5d3
28.Re3xd3 Qd8c7
29.Be6d5 Bb7xd5
30.Rd3xd5 Qc7c6
31.Qh3d3 Ra8b8
32.b3 Rb8b5
33.Bc1a3 h6
34.Rd5d6 Qc6c7
35.c6 Rb5a5
36.Qd3g6 Re8g8
37.Ba3b4 Ra5b5
38.a3 a5
39.Qg6d3 Rb5b6
40.Bb4xa5 Rg8b8
41.Ra1e1 Qc7b7
42.cxb7 Rb6xb7
43.Rd6d8 { resign }
1-0

[Event "Tourn. n8139"]
[Site "www.chess-mail.com"]
[Date "2015.07.20"]
[Round "1"]
[White "Chessfan"]
[Black "Tartan"]
[WhiteElo "2300"]
[BlackElo "2390"]
[Result "1-0"]
[Round "1"]
1.d4 Ng8f6
2.c4 e6
3.Nb1c3 Bf8b4
4.e3 O-O
5.Bf1d3 d5
6.cxd5 exd5
7.Ng1e2 Rf8e8
8.O-O Bb4d6
9.Bc1d2 c5
10.dxc5 Bd6xc5
11.Ra1c1 Nb8c6
12.h3 Bc5b6
13.Rf1e1 Bc8d7
14.Nc3a4 Nc6e5
15.Na4xb6 Qd8xb6
16.Bd2c3 Ne5xd3
17.Qd1xd3 Bd7b5
18.Qd3d4 Bb5xe2
19.Re1xe2 Qb6a6
20.Qd4d1 Nf6e4
21.Bc3d4 Qa6xa2
22.Rc1a1 Qa2c4
23.Re2c2 Qc4b4
24.Qd1g4 Qb4f8
25.Rc2c7 b6
26.Ra1xa7 Ra8xa7
27.Rc7xa7 Re8c8
28.g3 g6
29.Qg4d7 Ne4d6
30.Bd4xb6 Nd6c4
31.Bb6d4 Nc4d6
32.b4 { resign }
1-0

[Event "Tourn. n8154"]
[Site "www.chess-mail.com"]
[Date "2015.07.20"]
[Round "1"]
[White "Hundegana"]
[Black "Samael"]
[WhiteElo "2000"]
[BlackElo "2110"]
[Result "1-0"]
[Round "1"]
1.d4 d5
2.Ng1f3 e6
3.a3 Ng8f6
4.e3 c5
5.c3 Nb8c6
6.Bf1b5 Bc8d7
7.Bb5xc6 Bd7xc6
8.O-O Bf8e7
9.Nb1d2 O-O
10.Nf3e5 Qd8c7
11.h3 Nf6d7
12.Ne5xd7 Qc7xd7
13.f4 g6
14.g3 Ra8c8
15.Kh2 cxd4
16.cxd4 Bc6b5
17.Rf1f2 Qd7c7
18.h4 f5
19.Nd2f3 Be7f6
20.Bc1d2 Qc7d7
21.Ra1c1 Rc8xc1
22.Bd2xc1 Rf8c8
23.Rf2c2 Kf7
24.Rc2xc8 Qd7xc8
25.Bc1d2 Qc8c4
26.Kg2 Qc4e2
27.Qd1xe2 Bb5xe2
28.Nf3e1 h6
29.Ne1c2 g5
30.hxg5 hxg5
31.Kf2 Be2d3
32.Nc2e1 Bd3c4
33.Ne1g2 b6
34.Ng2e1 a5
35.fxg5 Bf6xg5
36.Ne1f3 Bg5f6
37.Bd2c3 a4
38.Nf3d2 b5
39.Nd2xc4 bxc4
40.Kf3 Ke7
41.g4 fxg4
42.Kxg4 Kd6
43.Kh5 e5
44.Kg6 Ke6
45.Kh5 exd4
46.exd4 Kf5
47.Kh6 Ke4
48.Kg6 Bf6xd4
49.Bc3b4 Bd4xb2
50.Kf7 c3
51.Ke6 c2
52.Bb4d2 c1Q
53.Bd2xc1  { time }
1-0

[Event "Tourn. n8154"]
[Site "www.chess-mail.com"]
[Date "2015.07.20"]
[Round "1"]
[White "Difficult"]
[Black "Hundegana"]
[WhiteElo "2100"]
[BlackElo "2000"]
[Result "0-1"]
[Round "1"]
1.d4 d5
2.Ng1f3 f6
3.e3 Bc8e6
4.Nb1d2 Nb8d7
5.c4 a6
6.Bf1d3 c6
7.O-O Be6f7
8.b3 e6
9.Bc1b2 Bf8e7
10.Qd1e2 Bf7g6
11.cxd5 cxd5
12.Ra1c1 Ra8c8
13.Rc1xc8 Qd8xc8
14.Rf1c1 Qc8b8
15.h3 Ng8h6
16.Bd3xg6 hxg6
17.e4 dxe4
18.Qe2xe4 f5
19.Qe4xe6 Rh8g8
20.Rc1e1 Qb8d8
21.Qe6xg6 Kf8
22.Nd2c4 Qd8e8
23.Qg6xe8 Kxe8
24.Bb2a3 b5
25.Re1xe7 Kd8
26.Nc4e5 Nd7xe5
27.Nf3xe5 f4
28.Ne5c6 Kc8
29.Ba3d6 Nh6f5
 { time }
0-1

[Event "Tourn. n8216"]
[Site "www.chess-mail.com"]
[Date "2015.07.20"]
[Round "1"]
[White "Dany2005"]
[Black "Ulysse21"]
[WhiteElo "2010"]
[BlackElo "2179"]
[Result "0-1"]
[Round "1"]
1.d4 Ng8f6
2.c4 e6
3.g3 c5
4.Ng1f3 cxd4
5.Nf3xd4 Nb8c6
6.Nd4xc6 bxc6
7.Bf1g2 d5
8.O-O Bf8e7
9.Nb1c3 O-O
10.Qd1c2 Ra8b8
11.b3 Bc8a6
12.Rf1d1 Qd8c7
 { time }
0-1

[Event "Tourn. n8137"]
[Site "www.chess-mail.com"]
[Date "2015.07.20"]
[Round "1"]
[White "Ditto"]
[Black "Anja"]
[WhiteElo "1710"]
[BlackElo "1690"]
[Result "0-1"]
[Round "1"]
1.d4 f5
2.Ng1f3 Ng8f6
3.Bc1g5 Nf6e4
4.Bg5f4 g6
5.Bf4e5 Rh8g8
6.e3 d6
7.Be5f4 Nb8c6
8.Bf1b5 Bc8d7
9.O-O Bf8g7
10.c3 e5
11.dxe5 Nc6xe5
12.Bb5xd7 Qd8xd7
13.Nf3xe5 dxe5
14.Qd1xd7 Kxd7
15.Rf1d1 Ke6
16.f3 Ne4xc3
17.Nb1xc3 exf4
18.exf4 Ra8d8
19.Rd1e1 Kf7
20.Ra1b1 c6
21.Nc3a4 Rd8d2
22.Na4c5 Bg7d4
23.Kf1 Rd2f2
24.Kg1 Bd4xc5
25.Kh1 Rg8e8
26.Re1d1 Re8e2
27.Rd1g1 Re2xb2
28.Rb1d1 Rf2d2
29.Rd1xd2 Rb2xd2
30.a4 Bc5xg1
31.Kxg1 c5
32.Kf1 c4
33.h3 c3
34.g3 c2
{ resign }
0-1

[Event "Tourn. n8276"]
[Site "www.chess-mail.com"]
[Date "2015.07.20"]
[Round "1"]
[White "Olddog55"]
[Black "Bira47"]
[WhiteElo "1740"]
[BlackElo "1739"]
[Result "0-1"]
[Round "1"]
1.d4 b6
2.e3 Bc8b7
3.Nb1d2 e6
4.Ng1f3 c5
5.b3 g6
6.Bc1b2 Bf8g7
7.Nd2c4 d5
8.Nc4e5 Ng8e7
9.Nf3g5 Bg7xe5
10.dxe5 Ne7f5
11.f4 h6
12.Ng5f3 Nf5xe3
13.Qd1e2 Ne3xf1
14.Qe2xf1 O-O
15.Qf1f2 d4
16.O-O Bb7e4
17.Rf1e1 Be4c6
18.Ra1d1 Qd8e7
19.c3 dxc3
20.Bb2xc3 Nb8d7
21.g4 f5
22.g5 h5
23.Nf3h4 Kh7
24.Rd1d3 Rf8d8
25.Rd3h3 Nd7f8
26.Qf2e2 Qe7e8
27.b4 Bc6b5
28.Qe2g2 Bb5c6
29.Nh4f3 Rd8d3
30.Re1c1 Ra8d8
31.Qg2f1 Qe8d7
32.Bc3d2 Rd3xd2
33.Nf3xd2 Qd7xd2
34.Qf1e1 Qd2d5
35.Rc1c2 Qd5h1
36.Kf2 Qh1g2
{ resign }
0-1

[Event "Tourn. n8276"]
[Site "www.chess-mail.com"]
[Date "2015.07.20"]
[Round "1"]
[White "Mitja"]
[Black "Bira47"]
[WhiteElo "1660"]
[BlackElo "1739"]
[Result "1/2-1/2"]
[Round "1"]
1.d4 b6
2.c3 Bc8b7
3.e3 e6
4.Ng1f3 Ng8f6
5.Bf1e2 h6
6.Nb1d2 Nb8c6
7.Nd2b3 d5
8.Be2b5 a6
9.Bb5d3 Bf8e7
10.h3 O-O
11.O-O Rf8e8
12.Bd3c2 Nf6e4
13.Nb3d2 f5
14.Nd2xe4 dxe4
15.Nf3e5 Nc6xe5
16.dxe5 Qd8xd1
17.Rf1xd1 Ra8d8
18.b3 Rd8xd1
19.Bc2xd1 Re8d8
20.Bc1b2 Rd8d2
21.Ra1b1 a5
22.Kf1 Bb7a6
23.Ke1 Rd2d8
24.Bd1e2 Ba6d3
25.Rb1d1 Bd3xe2
26.Kxe2 Rd8xd1
27.Kxd1 g5
28.c4 c5
29.a4 h5
30.f3 Kg7
31.fxe4 fxe4
32.g3 Kg6
33.g4 Be7f8
34.Ke2 h4
35.Bb2c3 { draw }
1/2-1/2

[Event "Tourn. n8218"]
[Site "www.chess-mail.com"]
[Date "2015.07.20"]
[Round "1"]
[White "Cardiff"]
[Black "Ffdd65"]
[WhiteElo "2010"]
[BlackElo "2150"]
[Result "0-1"]
[Round "1"]
1.d4 d5
2.c4 Ng8f6
3.cxd5 Nf6xd5
4.Ng1f3 e6
5.g3 Bf8d6
6.Bf1g2 c6
7.O-O O-O
8.e4 Nd5c7
9.Nb1c3 Bd6e7
10.Bc1e3 b6
11.Qd1c2 f6
12.Ra1c1 Bc8b7
 { time }
0-1

[Event "Tourn. n8218"]
[Site "www.chess-mail.com"]
[Date "2015.07.20"]
[Round "1"]
[White "Libiesse"]
[Black "Ffdd65"]
[WhiteElo "2030"]
[BlackElo "2150"]
[Result "1/2-1/2"]
[Round "1"]
1.d4 d5
2.c4 c6
3.cxd5 cxd5
4.Nb1c3 e6
5.Ng1f3 Ng8f6
6.Bc1g5 h6
7.Bg5xf6 Qd8xf6
8.e3 Bf8d6
9.Nc3b5 Qf6e7
10.Nb5xd6 Qe7xd6
11.Bf1d3 Nb8d7
12.O-O e5
13.dxe5 Nd7xe5
14.Bd3e2 O-O
15.Qd1b3 b6
16.Nf3xe5 Qd6xe5
17.Be2f3 Bc8e6
18.Rf1d1 Rf8d8
19.Rd1d4 Rd8d6
20.Ra1d1 Ra8d8
21.Qb3c3 Rd8c8
22.Qc3d3 Rc8d8
23.g3 Rd8d7
{ draw }
1/2-1/2

[Event "Tourn. n8140"]
[Site "www.chess-mail.com"]
[Date "2015.07.20"]
[Round "1"]
[White "Malbertan"]
[Black "Jjmcbride"]
[WhiteElo "1960"]
[BlackElo "1830"]
[Result "1-0"]
[Round "1"]
1.e4 e5
2.f4 d5
3.exd5 Qd8xd5
4.Nb1c3 Qd5e6
5.Ng1f3 f6
6.fxe5 a6
7.d4 Bf8d6
8.Bf1d3 Bc8d7
9.O-O fxe5
10.Nf3xe5 Ng8f6
11.Ne5xd7 Qe6xd7
12.Bc1g5 O-O
13.Bg5xf6 gxf6
14.Nc3e4 Qd7e6
15.Qd1h5 Nb8d7
16.Ra1e1 Qe6f7
17.Qh5g4 Kh8
18.Qg4h4 Qf7g7
19.Ne4xd6 cxd6
20.Re1e3 Ra8e8
21.Re3g3 Qg7f7
22.Rg3h3 Re8e7
23.Rf1f3 Rf8e8
24.Qh4f4 Re7e1
25.Kf2 Nd7f8
26.Qf4xf6 Qf7xf6
27.Rf3xf6 Nf8g6
28.Rf6xg6 b5
29.Rh3xh7 Kxh7
30.Rg6e6 Kg7
31.Re6xe1 Re8f8
32.Kg3 d5
33.Re1e6 Rf8a8
34.Re6d6 { resign }
1-0

[Event "Tourn. n8222"]
[Site "www.chess-mail.com"]
[Date "2015.07.20"]
[Round "1"]
[White "Swampcat"]
[Black "Drharislacan"]
[WhiteElo "1600"]
[BlackElo "1699"]
[Result "1-0"]
[Round "1"]
1.e4 c5
2.Ng1f3 d6
3.d4 cxd4
4.Nf3xd4 Ng8f6
5.Nb1c3 e5
6.Nd4f5 Nb8c6
7.Bf1b5 Nf6xe4
8.Nc3xe4 Bc8d7
9.Nf5xd6  { time }
1-0

[Event "Tourn. n8239"]
[Site "www.chess-mail.com"]
[Date "2015.07.20"]
[Round "1"]
[White "Cristiano"]
[Black "Julianlore"]
[WhiteElo "2150"]
[BlackElo "2180"]
[Result "0-1"]
[Round "1"]
1.e4 c5
2.Nb1c3 Nb8c6
3.Ng1f3 d6
4.d4 cxd4
5.Nf3xd4 Ng8f6
6.Bf1c4 e6
7.f3 Bf8e7
8.Bc1e3 a6
9.a3 Qd8c7
10.Bc4a2 O-O
11.Qd1d2 b5
12.h4 Nc6e5
13.h5 Ne5c4
14.Ba2xc4 bxc4
15.h6 g6
16.Be3g5 Ra8b8
17.Ra1b1 Bc8b7
18.Bg5xf6 Be7xf6
19.f4 e5
20.Nd4e2 exf4
21.Qd2xf4 Bf6e5
22.Qf4e3 f5
23.Nc3d5 Bb7xd5
24.exd5 Be5xb2
25.O-O Rf8e8
26.Qe3f3 Qc7e7
27.Rf1e1 Qe7g5
28.Qf3f4 Qg5xf4
29.Ne2xf4 Re8xe1
30.Rb1xe1 Bb2e5
31.Nf4e6 Rb8b2
32.Re1c1 Be5c3
33.Kf1 Bc3d2
34.Rc1d1 Rb2xc2
35.Rd1b1 Rc2c1
36.Rb1xc1 Bd2xc1
37.a4 Bc1xh6
38.Ke2 Kf7
39.Ne6d8 Kf6
40.Nd8e6 Ke5
41.Ne6c7 a5
42.Kd1 Kd4
43.Kc2 Kc5
44.Kc3 Bh6g7
45.Kc2 Kb4
46.Nc7b5 Bg7e5
47.Nb5a7 Kxa4
{ resign }
0-1

[Event "Tourn. n8149"]
[Site "www.chess-mail.com"]
[Date "2015.07.20"]
[Round "1"]
[White "Ffdd65"]
[Black "Difficult"]
[WhiteElo "2160"]
[BlackElo "2040"]
[Result "1-0"]
[Round "1"]
1.e4 c5
2.c3 d6
3.d4 cxd4
4.cxd4 Ng8f6
5.Nb1c3 g6
6.d5 a6
7.Ng1f3 Bf8g7
8.Bf1d3 O-O
9.h3 Nb8d7
10.Bc1e3 b5
11.Be3d4 Nd7c5
12.Bd3e2 Nc5xe4
13.Nc3xe4 Nf6xe4
14.Bd4xg7 Kxg7
15.Qd1d4 Ne4f6
16.Nf3g5 h6
17.Ng5e4 Bc8f5
18.Be2d3 Bf5xe4
19.Bd3xe4 Qd8a5
20.b4 Qa5c7
21.O-O Ra8c8
22.f4 Qc7c4
23.Rf1d1 Qc4xd4
24.Rd1xd4 Rc8c3
25.Be4f3 Rf8c8
26.Rd4d1  { time }
1-0

[Event "Tourn. n8190"]
[Site "www.chess-mail.com"]
[Date "2015.07.20"]
[Round "1"]
[White "Krystek23"]
[Black "Jaroslavpech"]
[WhiteElo "2320"]
[BlackElo "2390"]
[Result "1-0"]
[Round "1"]
1.Ng1f3 Ng8f6
2.c4 c5
3.Nb1c3 Nb8c6
4.g3 d5
5.cxd5 Nf6xd5
6.Bf1g2 Nd5c7
7.d3 e5
8.O-O Bf8e7
9.a3 O-O
10.Nf3d2 Bc8e6
11.Bg2xc6 bxc6
12.Qd1a4 { time. }
1-0

[Event "Tourn. n8287"]
[Site "www.chess-mail.com"]
[Date "2015.07.20"]
[Round "1"]
[White "Woodpusher2"]
[Black "Nimzo"]
[WhiteElo "2610"]
[BlackElo "2720"]
[Result "0-1"]
[Round "1"]
1.e4 e6
2.d4 d5
3.Nb1d2 c5
4.Ng1f3 cxd4
5.exd5 Qd8xd5
6.Bf1c4 Qd5d6
7.O-O Ng8f6
8.Nd2b3 Nb8c6
9.Nb3xd4 Nc6xd4
10.Nf3xd4 Bf8e7
11.b3 O-O
12.Bc1b2 Qd6c7
13.Qd1f3 a6
14.Rf1e1 Be7b4
15.Re1e2 Rf8d8
16.Re2e3 Bb4c5
17.Re3d3 Rd8e8
18.Ra1d1 Bc8d7
19.Qf3g3 Qc7xg3
20.Rd3xg3 Nf6e4
21.Rg3g4 Ne4xf2
22.Kxf2 e5
23.Rg4g3 Bd7b5
24.Bc4d5 exd4
25.Bb2xd4 Re8e2
 { time }
0-1

[Event "Tourn. n8287"]
[Site "www.chess-mail.com"]
[Date "2015.07.20"]
[Round "1"]
[White "Asoka"]
[Black "Woodpusher2"]
[WhiteElo "2640"]
[BlackElo "2610"]
[Result "1/2-1/2"]
[Round "1"]
1.c4 e5
2.Nb1c3 Nb8c6
3.Ng1f3 f5
4.g3 Ng8f6
5.Bf1h3 d5
6.cxd5 Nf6xd5
7.d3 a6
8.O-O Bf8e7
9.Qd1b3 Nd5b6
10.Bh3g2 Qd8d6
11.Nf3g5 Qd6g6
12.Bg2xc6 bxc6
13.Ng5f3 Be7d6
14.Nc3a4 Nb6xa4
15.Qb3xa4 Bc8d7
16.b3 O-O
17.Bc1b2 Rf8e8
18.Qa4c4 Kh8
19.Ra1d1 a5
20.d4 exd4
21.Bb2xd4 f4
22.Nf3e5 Bd6xe5
23.Bd4xe5 Bd7h3
24.Be5xf4 Bh3xf1
25.Kxf1 a4
26.bxa4 Re8e4
27.Qc4c2 Qg6e8
28.a5 Re4e7
29.Rd1d4 Ra8xa5
30.f3 { draw }
1/2-1/2

[Event "Tourn. n8286"]
[Site "www.chess-mail.com"]
[Date "2015.07.20"]
[Round "1"]
[White "Pellix84"]
[Black "Sfalcao"]
[WhiteElo "1930"]
[BlackElo "1890"]
[Result "1-0"]
[Round "1"]
1.d4 Ng8f6
2.Ng1f3 g6
3.Nb1d2 Bf8g7
4.e4 d6
5.h3 O-O
6.Bf1d3 c5
7.c3 cxd4
8.cxd4 Nb8c6
9.a3 a6
10.O-O b5
11.Rf1e1 Nf6d7
12.Nd2b3 e6
13.Bc1g5 Bg7f6
14.Bg5h6 Bf6g7
15.Qd1d2 e5
16.d5 Nc6e7
17.Ra1c1 Nd7f6
18.Bh6xg7 Kxg7
19.Nf3h2 Ne7g8
{ time. }
1-0

[Event "Tourn. n8286"]
[Site "www.chess-mail.com"]
[Date "2015.07.20"]
[Round "1"]
[White "Pellix84"]
[Black "Bojan"]
[WhiteElo "1930"]
[BlackElo "1890"]
[Result "1-0"]
[Round "1"]
1.d4 g6
2.e4 Bf8g7
3.Ng1f3 d5
4.e5 c6
5.h3 f6
6.Bc1f4 Qd8b6
7.b3 Nb8d7
8.c4 dxc4
9.Bf1xc4 fxe5
10.dxe5 Qb6c7
11.Qd1e2 Ng8h6
12.O-O Rh8f8
13.Qe2e3 Nh6f5
14.Qe3c3 Nf5d6
15.Rf1e1 Rf8xf4
16.exd6 Bg7xc3
17.Re1xe7 Kf8
18.dxc7 Kxe7
19.Nb1xc3 Kd6
20.Nf3g5 Nd7f6
21.Ra1e1 Rf4f5
22.Nc3e4 Nf6xe4
23.Ng5xe4 Kxc7
24.g4 Rf5e5
25.f3 Bc8e6
26.f4 Be6xc4
27.fxe5 Bc4e6
28.Ne4f6 h6
29.Re1d1 Ra8f8
30.Kh2 Rf8f7
31.Kg3 b6
32.h4 Be6c8
33.g5 hxg5
34.hxg5 Bc8f5
35.Kf4 Rf7f8
36.Rd1h1 Rf8f7
37.Rh1h8 b5
38.a3 a5
39.Rh8a8 Kb6
40.Ra8e8 c5
41.e6 Rf7g7
42.Ke5 Kc6
43.Re8c8 Kb6
44.Kd6 b4
45.axb4 cxb4
46.Nf6d5 Kb7
47.Rc8c7 Rg7xc7
48.Nd5xc7 Bf5e4
49.Nc7b5 Be4c6
50.Nb5d4 Bc6e8
51.e7 a4
52.bxa4 Kc8
53.a5 Kb7
54.Kc5 Kc7
55.a6 Kb8
56.Kxb4 Ka7
57.Nd4e6 Kxa6
58.Ne6c7 { resign }
1-0

[Event "Tourn. n8194"]
[Site "www.chess-mail.com"]
[Date "2015.07.20"]
[Round "1"]
[White "Subh"]
[Black "Anja"]
[WhiteElo "1499"]
[BlackElo "1680"]
[Result "0-1"]
[Round "1"]
1.e4 Ng8f6
2.e5 Nf6d5
3.d4 d6
4.c4 Nd5b6
5.exd6 cxd6
6.Nb1c3 g6
7.c5 dxc5
8.dxc5 Qd8xd1
9.Kxd1 Nb6d7
 { time }
0-1

[Event "Tourn. n8299"]
[Site "www.chess-mail.com"]
[Date "2015.07.20"]
[Round "1"]
[White "Guidom"]
[Black "Bojan"]
[WhiteElo "2070"]
[BlackElo "1890"]
[Result "1-0"]
[Round "1"]
1.e4 g6
2.d4 Bf8g7
3.c3 d5
4.e5 b6
5.f4 f5
6.Ng1f3 h6
7.g3 Qd8d7
8.Nb1d2 Bc8a6
9.Bf1xa6 Nb8xa6
10.Qd1e2 Qd7c8
11.Nd2b3 e6
12.Bc1d2 Ng8e7
13.O-O-O c5
14.Qe2b5 Kf7
15.h3 Na6c7
16.Qb5e2 c4
17.Nb3a1 Qc8a6
18.a3 b5
19.Na1c2 Qa6a4
20.g4 a5
21.Nf3h4 Bg7f8
22.Rh1g1 Ra8b8
23.gxf5 exf5
24.Nh4xg6 Ne7xg6
25.Qe2h5 Rh8g8
26.Qh5xf5 Ke8
27.Rg1xg6 Rg8xg6
28.Qf5xg6 Kd7
29.f5 b4
30.cxb4 axb4
31.axb4 Rb8b6
32.Qg6f7 Bf8e7
33.f6 Rb6e6
34.fxe7 Re6xe7
35.Qf7g6 Re7e6
36.Qg6f7 Re6e7
37.Qf7f5 Nc7e6
38.Bd2xh6 Qa4a8
39.Rd1g1 Kc6
40.Rg1g6 Qa8c8
41.Bh6g5 Re7e8
42.Qf5f7 Kb5
43.Qf7a7 Kc6
44.Qa7c5 Kd7
45.Qc5d6 { resign }
1-0

[Event "Tourn. n8149"]
[Site "www.chess-mail.com"]
[Date "2015.07.20"]
[Round "1"]
[White "Difficult"]
[Black "Wildsmokey"]
[WhiteElo "2040"]
[BlackElo "2030"]
[Result "1/2-1/2"]
[Round "1"]
1.d4 Ng8f6
2.c4 e6
3.Ng1f3 b6
4.a3 Bc8b7
5.Bc1g5 h6
6.Bg5h4 c5
7.e3 cxd4
8.exd4 Bb7xf3
9.Qd1xf3 Nb8c6
10.Qf3d3 Bf8e7
11.Nb1d2 O-O
12.Bf1e2 d5
13.cxd5 Nf6xd5
14.Bh4xe7 Nd5xe7
15.Nd2f3 Qd8d5
16.O-O Rf8d8
17.Rf1d1 Ne7f5
18.Qd3c4 Qd5xc4
19.Be2xc4 Nf5xd4
20.Nf3xd4 Nc6xd4
21.Kf1 Kf8
22.Ra1c1 Ra8c8
{ draw }
1/2-1/2

[Event "Tourn. n8053"]
[Site "www.chess-mail.com"]
[Date "2015.07.20"]
[Round "1"]
[White "Blackpool"]
[Black "Wegaman"]
[WhiteElo "1940"]
[BlackElo "1910"]
[Result "0-1"]
[Round "1"]
1.d4 d5
2.c4 e6
3.Nb1c3 Ng8f6
4.cxd5 exd5
5.Bc1g5 Bf8e7
6.e3 O-O
7.Ng1f3 Nb8c6
8.Bf1d3 Rf8e8
9.O-O h6
10.Bg5xf6 Be7xf6
11.a3 Bc8e6
12.b4 a6
13.Nc3a4 Be6g4
14.Ra1c1 Qd8d6
15.Na4c5 Ra8b8
16.h3 Bg4h5
17.Bd3e2 Bh5g6
18.Be2d3 Bg6xd3
19.Qd1xd3 Re8e7
20.Qd3c2 Re7e8
21.Nc5xa6 Rb8a8
22.Na6c5 Nc6d8
23.Qc2b3 c6
24.Rf1d1 Bf6e7
25.a4 b6
26.Nc5d3 Ra8c8
27.b5 c5
28.dxc5 bxc5
29.Nd3f4 c4
30.Qb3b2 Be7f6
31.Nf3d4 Nd8e6
32.Nf4xe6 fxe6
33.b6 c3
34.Qb2b3 Bf6xd4
35.Rd1xd4 Kh8
36.a5 c2
37.Rd4d2 Rc8c5
38.a6 Rc5a5
39.a7 Ra5xa7
40.bxa7 Qd6a6
41.Qb3b8 Re8xb8
 { time }
0-1

[Event "Tourn. n8263"]
[Site "www.chess-mail.com"]
[Date "2015.07.20"]
[Round "1"]
[White "Zazi"]
[Black "Wildtiger"]
[WhiteElo "1630"]
[BlackElo "1620"]
[Result "1-0"]
[Round "1"]
1.e4 d5
2.Nb1c3 d4
3.Nc3e2 c5
4.d3 e5
5.c3 Nb8c6
6.cxd4 cxd4
7.f4 exf4
8.Bc1xf4 g5
9.Bf4g3 f5
10.exf5 Bc8xf5
11.Qd1b3 Qd8e7
12.O-O-O Ra8c8
13.Kb1 Bf5e6
14.Qb3a4 Be6d7
15.Rd1e1 Kd8
16.Ne2xd4 Qe7c5
17.Nd4xc6 Rc8xc6
18.h4 Bf8g7
19.hxg5 Rc6a6
20.Qa4h4 Qc5a5
21.a3 Bg7xb2
22.Kxb2 Ra6b6
23.Kc1 Qa5xa3
24.Kd2 Qa3b2
25.Ke3 Rb6e6
26.Kf3 Bd7c6
27.Kg4 Re6g6
28.Bg3e5 Bc6d7
29.Kg3 Qb2b6
30.Be5xh8 h6
31.Qh4f4 Rg6xg5
32.Kh2 Rg5h5
33.Ng1h3 Rh5f5
34.Qf4b8 Bd7c8
35.Re1c1 Ng8e7
36.Bf1e2 h5
37.Rc1b1 Qb6c7
38.Qb8xc7 Kxc7
39.d4 Ne7c6
40.Rh1d1 Rf5f8
41.Bh8e5 Nc6xe5
42.dxe5 Bc8xh3
43.Kxh3 b6
44.e6 Rf8e8
45.Rd1d7 Kb8
46.e7 Kc8
47.Be2b5 { resign }
1-0

[Event "Tourn. n8199"]
[Site "www.chess-mail.com"]
[Date "2015.07.20"]
[Round "1"]
[White "Hdr"]
[Black "Anja"]
[WhiteElo "1779"]
[BlackElo "1680"]
[Result "0-1"]
[Round "1"]
1.d4 f5
2.Ng1f3 Ng8f6
3.g3 g6
4.Bf1g2 Bf8g7
5.O-O O-O
6.c4 c5
7.d5 Qd8e8
8.Nb1c3 a6
9.Nc3a4 b5
10.cxb5 axb5
11.Na4xc5 Nb8a6
12.Nc5xa6 Ra8xa6
13.Nf3d4 d6
14.Qd1d3 Bc8d7
15.Nd4c6 Nf6e4
16.Qd3xb5 Qe8c8
17.Nc6xe7 Kf7
{ resign }
0-1

[Event "Tourn. n8199"]
[Site "www.chess-mail.com"]
[Date "2015.07.20"]
[Round "1"]
[White "Julianlore"]
[Black "Hdr"]
[WhiteElo "1839"]
[BlackElo "1779"]
[Result "1-0"]
[Round "1"]
1.e4 e6
2.d4 d5
3.e5 c5
4.c3 Nb8c6
5.Ng1f3 Qd8b6
6.a3 c4
7.Nb1d2 Nc6a5
8.Bf1e2 Bc8d7
9.O-O Ng8e7
10.Ra1b1 h6
11.Rf1e1 Qb6c7
12.Nd2f1 Na5b3
13.Bc1f4 Ne7c6
14.Nf3d2 Nc6a5
15.Nd2xb3 Na5xb3
16.Nf1d2 Bd7a4
17.Nd2xb3 Ba4xb3
18.Qd1d2 a5
19.Be2d1 Qc7b6
20.h4 Bf8e7
21.h5 O-O-O
22.a4 Kb8
23.Bf4e3 Rd8c8
24.g3 { resign }
1-0

[Event "Tourn. n8184"]
[Site "www.chess-mail.com"]
[Date "2015.07.20"]
[Round "1"]
[White "Bojan"]
[Black "Blackpool"]
[WhiteElo "1980"]
[BlackElo "1840"]
[Result "1-0"]
[Round "1"]
1.e4 Ng8f6
2.e5 Nf6d5
3.Bf1c4 Nd5b6
4.Bc4b3 d5
5.d3 c5
6.a3 Nb8c6
7.f4 e6
8.Ng1f3 Bf8e7
9.Qd1e2 O-O
10.Nb1d2 Bc8d7
11.Bb3a2 Qd8c7
12.c4 dxc4
13.dxc4 a5
14.Nd2e4 Nc6d4
15.Nf3xd4 cxd4
16.O-O Bd7c6
17.Ne4d2 Rf8d8
18.Qe2d3 Be7c5
19.Nd2b3 Bc6a4
20.Nb3xc5 Qc7xc5
21.b3 Ba4c6
22.Ba2b1 g6
23.h4 a4
24.Bb1c2 axb3
25.Bc2xb3 Bc6a4
26.Bb3xa4 Nb6xa4
27.Ra1b1 b6
28.Bc1d2  { time }
1-0

[Event "Tourn. n8196"]
[Site "www.chess-mail.com"]
[Date "2015.07.20"]
[Round "1"]
[White "Gambitchess"]
[Black "Julianlore"]
[WhiteElo "1840"]
[BlackElo "1839"]
[Result "0-1"]
[Round "1"]
1.d4 Ng8f6
2.c4 e6
3.Nb1c3 Bf8b4
4.Bc1d2 O-O
5.e3 c5
6.Ng1f3 d5
7.dxc5 Bb4xc5
8.Bf1e2 dxc4
9.Be2xc4 a6
10.O-O b5
11.Bc4b3 Nb8d7
12.Nc3e2 Bc8b7
13.Ne2d4 Ra8c8
14.Ra1c1 Nf6e4
15.Bd2c3 { time. }
0-1